000 01472nam a2200457 i 4500
001 18206
003 KOSZ 005
005 20210302102536.0
008 070627s1973 pl a f |000 0 pol
015 _aUWD 1973/11128
035 _a991034678329705066
035 _a(PL-WaBN)b19334114-48omnis_nlop
035 _ab19334114
035 _a(OCoLC)838881055
035 _a(PL)b0000001933411
035 _a(EXLNZ-48OMNIS_NETWORK)9910263848905606
040 _aWA N
_cWA N
_dKOSZ 005/HR
046 _k1973
080 _a725.1:614.2
080 _a624.04
245 0 0 _aProjektowanie obiektów służby zdrowia /
_cJanusz Juraszyński [et al.].
260 _aWarszawa :
_b"Arkady",
_c1973.
300 _a250, [1] s. :
_bil. ;
_c27 cm.
336 _aTekst
_btxt
_2rdacontent
337 _aBez urządzenia pośredniczącego
_bn
_2rdamedia
338 _aWolumin
_bnc
_2rdacarrier
380 _aKsiążki
388 _a1901-2000
388 _a1945-1989
504 _aBibliogr.
650 7 _aSłużba zdrowia
_2DBN
650 7 _aBudownictwo użyteczności publicznej
650 7 _aSzpitale (budynki)
650 7 _aProjektowanie
658 _aArchitektura i budownictwo
700 1 _aJuraszyński, Janusz
_eAutor
710 2 _aWydawnictwo Arkady
_4pbl
856 _uhttp://koha.tu.koszalin.pl/cgi-bin/koha/opac-detail.pl?biblionumber=18206
_yKatalog online BPK
942 _2UKD
_cKS
999 _c18206
_d18206